[Event "Copenhagen Chess Challenge 2011"]
[Site "Ballerup"]
[Date "2011.05.21"]
[Round "6"]
[White "Langmyhr, Tore"]
[Black "Rostgaard, Tobias Valentin"]
[Result "0-1"]
[WhiteElo "1993"]
[BlackElo "2207"]
[PlyCount "124"]
[EventDate "2011.??.??"]
[EventType "swiss"]
[EventRounds "9"]
[EventCountry "DEN"]

1. c4 g6 2. Nc3 Bg7 3. d4 d6 4. e4 e5 5. d5 f5 6. exf5 gxf5 7. Qh5+ Kf8 8. Bg5
Nf6 9. Nh3 Qe7 10. Qe2 Na6 11. f3 Bd7 12. O-O-O Qf7 13. Qd2 Nc5 14. Be2 a5 15.
Bh6 Qg6 16. Bxg7+ Kxg7 17. g4 f4 18. Nf2 Kf7 19. h4 h6 20. Nd3 Na6 21. Nf2 Nc5
22. Nd3 b6 23. Nxc5 bxc5 24. Bd3 Qg7 25. Rdg1 Rhg8 26. Qe1 a4 27. g5 Nh5 28.
Ne4 a3 29. b3 Ke7 30. Rh2 c6 31. Rhg2 cxd5 32. Nf6 Ng3 33. Nxg8+ Rxg8 34. cxd5
hxg5 35. hxg5 Qxg5 36. Qd2 Bh3 37. Rh1 Bxg2 38. Rh7+ Rg7 39. Rxg7+ Qxg7 40.
Qxg2 Qh6 41. Qd2 Qh1+ 42. Qd1 Qxd1+ 43. Kxd1 Kf6 44. Kc2 e4 45. fxe4 Ke5 46. b4
cxb4 47. Kb3 Kd4 48. e5 Kxe5 49. Kxb4 Kd4 50. Bb5 Kxd5 51. Kxa3 f3 52. Kb4 f2
53. a4 f1=Q 54. Bxf1 Nxf1 55. Kb5 Nd2 56. a5 Nb3 57. a6 Nd4+ 58. Kb6 Nc6 59.
Kb5 Na7+ 60. Kb6 Nc8+ 61. Kb7 Kc5 62. Kxc8 Kb6 0-1

[Event "Copenhagen Chess Challenge 2011"]
[Site "Ballerup"]
[Date "2011.05.21"]
[Round "6"]
[White "Nielsen, Jan Mose"]
[Black "Tandrup, Michael"]
[Result "1/2-1/2"]
[WhiteElo "2129"]
[BlackElo "1963"]
[PlyCount "53"]
[EventDate "2011.??.??"]
[EventType "swiss"]
[EventRounds "9"]
[EventCountry "DEN"]

1. c4 c6 2. e4 d5 3. exd5 cxd5 4. cxd5 Qxd5 5. Nc3 Qd8 6. Bc4 Nf6 7. Qb3 e6 8.
Nf3 Be7 9. d4 O-O 10. Be3 Nc6 11. Qc2 Nb4 12. Qd2 a6 13. a3 Nbd5 14. Bd3 b5 15.
Nxd5 Nxd5 16. Qc2 h6 17. Qd2 Nxe3 18. fxe3 Bb7 19. O-O Bf6 20. Rf2 Qd6 21. Raf1
Rad8 22. Bb1 g6 23. Qd3 e5 24. dxe5 Bxe5 25. Qxd6 Bxd6 26. Nd4 Be5 27. Ba2
1/2-1/2

[Event "Copenhagen Chess Challenge 2011"]
[Site "Ballerup"]
[Date "2011.05.21"]
[Round "6"]
[White "Andersen, Kim Nyvang"]
[Black "Hvenekilde, Jorgen"]
[Result "1/2-1/2"]
[WhiteElo "1931"]
[BlackElo "2127"]
[PlyCount "46"]
[EventDate "2011.??.??"]
[EventType "swiss"]
[EventRounds "9"]
[EventCountry "DEN"]

1. d4 Nf6 2. c4 g6 3. Nc3 Bg7 4. e4 d6 5. f4 c5 6. d5 O-O 7. Nf3 a6 8. a4 e6 9.
Be2 exd5 10. cxd5 Re8 11. Nd2 b6 12. O-O Ra7 13. e5 dxe5 14. Nc4 e4 15. Be3 Rd7
16. Qb3 Nxd5 17. Nxd5 Rxd5 18. Nxb6 Rd3 19. Bxd3 exd3 20. Bxc5 Bd4+ 21. Bxd4
Qxd4+ 22. Kh1 Be6 23. Qc3 Qxb6 1/2-1/2

[Event "Copenhagen Chess Challenge 2011"]
[Site "Ballerup"]
[Date "2011.05.21"]
[Round "6"]
[White "Andersen, Daniel"]
[Black "Lodahl, Holger"]
[Result "0-1"]
[WhiteElo "1997"]
[BlackElo "1939"]
[PlyCount "86"]
[EventDate "2011.??.??"]
[EventType "swiss"]
[EventRounds "9"]
[EventCountry "DEN"]

1. c4 f5 2. Nf3 d6 3. g3 e5 4. d3 c6 5. Nc3 Nf6 6. Bg2 Be7 7. O-O O-O 8. b4 Qc7
9. Qb3 h6 10. h3 Kh7 11. Bb2 a5 12. a3 Be6 13. e4 fxe4 14. dxe4 b5 15. Nd2 Nbd7
16. Rac1 bxc4 17. Nxc4 Nb6 18. Nd1 Nxc4 19. Rxc4 Bxc4 20. Qxc4 axb4 21. axb4
Rab8 22. Ne3 Rfe8 23. Kh2 Qb7 24. Bc3 Qb5 25. Qe6 Qd3 26. Nd1 Kh8 27. Qf5 Rf8
28. Qg6 Nd5 29. Ba1 Rf6 30. Qg4 Nxb4 31. Ne3 Qb3 32. Nf5 Bf8 33. f4 Nd3 34. Rf3
Qb1 35. Rf1 Qa2 36. Qf3 Rb3 37. Qh5 Rb1 38. fxe5 dxe5 39. Rxb1 Qxb1 40. Bc3 Qc2
41. Ba5 Qf2 42. Qe8 Kh7 43. Qd8 Bc5 0-1

[Event "Copenhagen Chess Challenge 2011"]
[Site "Ballerup"]
[Date "2011.05.21"]
[Round "6"]
[White "Holtzmann, Sonny"]
[Black "Vesterli, Michael E"]
[Result "0-1"]
[WhiteElo "1659"]
[BlackElo "1959"]
[PlyCount "70"]
[EventDate "2011.??.??"]
[EventType "swiss"]
[EventRounds "9"]
[EventCountry "DEN"]

1. c4 Nf6 2. g3 g6 3. Bg2 Bg7 4. Nc3 O-O 5. Nf3 d6 6. d4 Nbd7 7. O-O e5 8. dxe5
dxe5 9. Qc2 Nh5 10. Rd1 f5 11. Bg5 Qe8 12. Nd5 Qf7 13. Nxc7 Rb8 14. Nxe5 Bxe5
15. Bd5 Bxc7 16. Bxf7+ Rxf7 17. Qa4 Nb6 18. Qe8+ Kg7 19. Bh6+ Kf6 20. Qh8+ Ng7
21. Bxg7+ Rxg7 22. Qf8+ Rf7 23. Rd6+ Be6 24. Rxe6+ Kxe6 25. Qc5 Rd7 26. Qe3+
Kf6 27. f4 Kf7 28. c5 Nd5 29. Qb3 Rbd8 30. Rd1 Bb8 31. Qa4 Kg7 32. Qd4+ Kh6 33.
Qc4 Bc7 34. b4 a6 35. Qc2 Ne3 0-1

[Event "Copenhagen Chess Challenge 2011"]
[Site "Ballerup"]
[Date "2011.05.21"]
[Round "6"]
[White "Molvig, Julius"]
[Black "Leosson, Atli Johann"]
[Result "1/2-1/2"]
[WhiteElo "1830"]
[BlackElo "1673"]
[PlyCount "115"]
[EventDate "2011.??.??"]
[EventType "swiss"]
[EventRounds "9"]
[EventCountry "DEN"]

1. d4 d5 2. c4 c6 3. Nf3 e6 4. Nc3 dxc4 5. e4 b5 6. Be2 Bb4 7. Bd2 Bxc3 8. Bxc3
Nf6 9. Qc2 a5 10. O-O h6 11. a3 O-O 12. Rad1 Qe7 13. d5 exd5 14. Bxf6 Qxf6 15.
exd5 cxd5 16. Rxd5 b4 17. axb4 axb4 18. Bxc4 Be6 19. Rc5 Nd7 20. Rc7 Rac8 21.
Bxe6 Rxc7 22. Bxf7+ Rxf7 23. Qxc7 Qxb2 24. Qc4 b3 25. Nd4 Ne5 26. Qd5 Nd3 27.
Nf5 Qe5 28. Qxd3 Qxf5 29. Qxb3 Kh7 30. Qb1 Qxb1 31. Rxb1 Rc7 32. g3 Rc2 33. Rb6
Ra2 34. h3 Ra1+ 35. Kg2 Ra2 36. Kf3 Ra3+ 37. Kg4 Ra4+ 38. Kf3 Ra3+ 39. Kg2 Ra2
40. h4 Rc2 41. g4 Rc4 42. Kg3 Rc3+ 43. f3 Ra3 44. Re6 Ra1 45. Kf4 Ra5 46. h5
Kg8 47. Re5 Ra4+ 48. Kf5 Ra6 49. g5 hxg5 50. Kxg5 Kh7 51. f4 Rb6 52. f5 Rb1 53.
Re4 Rg1+ 54. Rg4 Rb1 55. h6 gxh6+ 56. Kf6 Rb6+ 57. Ke7 Rb7+ 58. Kf6 1/2-1/2

[Event "Copenhagen Chess Challenge 2011"]
[Site "Ballerup"]
[Date "2011.05.21"]
[Round "6"]
[White "Haubro, Sigfred"]
[Black "Pedersen, Steffen"]
[Result "1/2-1/2"]
[WhiteElo "2149"]
[BlackElo "2441"]
[PlyCount "132"]
[EventDate "2011.??.??"]
[EventType "swiss"]
[EventRounds "9"]
[EventCountry "DEN"]

1. Nf3 d5 2. b3 Nf6 3. Bb2 c5 4. e3 Nc6 5. Be2 Qc7 6. d4 cxd4 7. Nxd4 Nxd4 8.
exd4 Bf5 9. c3 e6 10. O-O Bd6 11. h3 O-O 12. Nd2 h6 13. c4 dxc4 14. bxc4 Bh2+
15. Kh1 Bf4 16. Nf3 Rfd8 17. a4 Be4 18. Qb3 Rac8 19. a5 Qc6 20. Ra4 Nh7 21. Kg1
Ng5 22. Ne1 Qc7 23. g3 Nxh3+ 24. Kh2 Ng5 25. Ra2 Bd6 26. f4 Nh7 27. Qe3 Nf6 28.
Bc3 Bf5 29. Kg1 Nd5 30. Qd2 Nxc3 31. Qxc3 Be7 32. Nf3 Be4 33. Ne5 Rxd4 34. Kh2
Bc5 35. Bh5 g6 36. Bf3 h5 37. Re2 Bxf3 38. Rxf3 Qd8 39. Qb2 Rc7 40. Rb3 Qe7 41.
Qc2 Bd6 42. Nxg6 fxg6 43. Qxg6+ Qg7 44. Qe8+ Qf8 45. Qg6+ Qg7 46. Qe8+ Qf8 47.
Qg6+ Rg7 48. Qxe6+ Qf7 49. Qc8+ Bf8 50. Rb5 Qxc4 51. Qxc4+ Rxc4 52. Rxh5 Rc5
53. Rxc5 Bxc5 54. Kg2 Rd7 55. Re5 Rc7 56. Kf3 Bb4 57. Rb5 Be1 58. g4 a6 59. Rd5
Kf7 60. g5 Bb4 61. Ke4 Be7 62. Rf5+ Kg7 63. Rd5 Rc4+ 64. Kf3 Kf8 65. Rd7 Rc5
66. Rxb7 Bxg5 1/2-1/2

[Event "Copenhagen Chess Challenge 2011"]
[Site "Ballerup"]
[Date "2011.05.21"]
[Round "6"]
[White "Christensen, Janus"]
[Black "Ivanov, Mikhail"]
[Result "0-1"]
[WhiteElo "2148"]
[BlackElo "2424"]
[PlyCount "56"]
[EventDate "2011.??.??"]
[EventType "swiss"]
[EventRounds "9"]
[EventCountry "DEN"]

1. e4 c5 2. c3 d6 3. d4 Nf6 4. Bd3 Nc6 5. Nf3 e5 6. d5 Ne7 7. Bg5 Nd7 8. Nh4 f6
9. Be3 g6 10. c4 Bg7 11. O-O O-O 12. Nc3 f5 13. Bg5 Nf6 14. Qd2 f4 15. g3 h6
16. Bxf6 Bxf6 17. Ng2 Bg5 18. h4 Bf6 19. gxf4 exf4 20. Nxf4 Be5 21. Ng2 Rf3 22.
Ne1 Qd7 23. Ne2 Qg4+ 24. Ng3 Bd4 25. Kg2 Qh3+ 26. Kxf3 Bg4+ 27. Kf4 g5+ 28.
hxg5 Ng6# 0-1

[Event "Copenhagen Chess Challenge 2011"]
[Site "Ballerup"]
[Date "2011.05.21"]
[Round "6"]
[White "Ootes, Lennart"]
[Black "Thorhallsson, Throstur"]
[Result "0-1"]
[WhiteElo "2194"]
[BlackElo "2392"]
[PlyCount "80"]
[EventDate "2011.??.??"]
[EventType "swiss"]
[EventRounds "9"]
[EventCountry "DEN"]

1. e4 c5 2. Nf3 d6 3. d4 cxd4 4. Nxd4 Nf6 5. Nc3 Nc6 6. Bg5 e6 7. Qd2 a6 8.
O-O-O Bd7 9. f3 h6 10. Be3 b5 11. Nxc6 Bxc6 12. Ne2 Qc7 13. Nd4 Bb7 14. Kb1 Nd7
15. Bd3 Be7 16. g4 Ne5 17. Rhe1 O-O 18. h4 Rfd8 19. h5 d5 20. exd5 Nxd3 21.
cxd3 Rxd5 22. Ne2 Rd7 23. g5 hxg5 24. Bxg5 f6 25. Be3 Bxf3 26. h6 g5 27. Nd4
Bxd1 28. Qxd1 Qg3 29. Nxe6 Bb4 30. Re2 Qg4 31. Nd4 Rxd4 32. Bxd4 Qxd4 33. Re4
Qd5 34. Rxb4 Rd8 35. Rb3 Kh7 36. Rc3 b4 37. Rc7+ Kxh6 38. d4 Qe4+ 39. Rc2 Rxd4
40. Qf1 Kg6 0-1

[Event "Copenhagen Chess Challenge 2011"]
[Site "Ballerup"]
[Date "2011.05.21"]
[Round "6"]
[White "Salomon, Johan"]
[Black "Matthiesen, Martin"]
[Result "0-1"]
[WhiteElo "1917"]
[BlackElo "2242"]
[PlyCount "70"]
[EventDate "2011.??.??"]
[EventType "swiss"]
[EventRounds "9"]
[EventCountry "DEN"]

1. e4 c5 2. Nf3 d6 3. d4 cxd4 4. Nxd4 Nf6 5. Nc3 a6 6. Bg5 e6 7. f4 h6 8. Bh4
Be7 9. Qf3 Qc7 10. O-O-O Nbd7 11. Be2 Rb8 12. g4 b5 13. Rhe1 b4 14. Nd5 Nxd5
15. exd5 Bxh4 16. dxe6 Nf6 17. exf7+ Kxf7 18. Rg1 Bb7 19. Qf1 Ne4 20. g5 Bf2
21. Qh3 Bxg1 22. Bh5+ Ke7 23. Qe6+ Kd8 24. Rxg1 Qc5 25. Rd1 Kc7 26. Bg6 Bd5 27.
Qe7+ Kb6 28. Nb3 Qe3+ 29. Nd2 Bc6 30. Bxe4 Rbe8 31. Qxg7 Bxe4 32. Kb1 Bxc2+ 33.
Kxc2 Rc8+ 34. Kb1 Qd3+ 35. Ka1 Qxd2 0-1

[Event "Copenhagen Chess Challenge 2011"]
[Site "Ballerup"]
[Date "2011.05.21"]
[Round "6"]
[White "Grau, Peter"]
[Black "Fries Nielsen, Jens Ove"]
[Result "0-1"]
[WhiteElo "2101"]
[BlackElo "2386"]
[PlyCount "60"]
[EventDate "2011.??.??"]
[EventType "swiss"]
[EventRounds "9"]
[EventCountry "DEN"]

1. c4 e6 2. Nc3 g6 3. Nf3 Bg7 4. g3 Ne7 5. Bg2 d5 6. cxd5 exd5 7. O-O d4 8. Ne4
Nbc6 9. d3 h6 10. Bd2 b6 11. Be1 Be6 12. Qc2 a5 13. Kh1 O-O 14. Ned2 Qd7 15.
Nc4 Rad8 16. Qc1 Bd5 17. Bd2 g5 18. Qc2 Ng6 19. Kg1 Rfe8 20. Rae1 g4 21. Nh4
Nxh4 22. gxh4 Bxg2 23. Kxg2 Re6 24. Bf4 Nb4 25. Qb3 Rde8 26. Nd2 Nd5 27. Bg3
Rxe2 28. Rxe2 Rxe2 29. Nc4 b5 30. Qd1 Qe6 0-1

[Event "Copenhagen Chess Challenge 2011"]
[Site "Ballerup"]
[Date "2011.05.21"]
[Round "6"]
[White "Hansen, Lars"]
[Black "Andersen, Rune Egede"]
[Result "1-0"]
[WhiteElo "2246"]
[BlackElo "2063"]
[PlyCount "51"]
[EventDate "2011.??.??"]
[EventType "swiss"]
[EventRounds "9"]
[EventCountry "DEN"]

1. g3 g6 2. Bg2 Bg7 3. e4 c5 4. d3 Nc6 5. f4 d6 6. Nf3 e5 7. O-O Nge7 8. c3 O-O
9. Na3 Rb8 10. f5 gxf5 11. Nh4 fxe4 12. dxe4 Be6 13. Nf5 Qd7 14. Nxg7 Kxg7 15.
Qh5 Ng8 16. Rf6 Kh8 17. Bg5 b5 18. Raf1 b4 19. Nc4 Rb7 20. Ne3 bxc3 21. bxc3
Rb2 22. Nd5 Rxa2 23. Rxe6 Rxg2+ 24. Kxg2 Rb8 25. Nf6 Rb2+ 26. Kg1 1-0

[Event "Copenhagen Chess Challenge 2011"]
[Site "Ballerup"]
[Date "2011.05.21"]
[Round "6"]
[White "Schmidt, Tommy B"]
[Black "Olsen, Aage"]
[Result "1-0"]
[WhiteElo "2143"]
[BlackElo "2005"]
[PlyCount "75"]
[EventDate "2011.??.??"]
[EventType "swiss"]
[EventRounds "9"]
[EventCountry "DEN"]

1. d4 Nf6 2. Nf3 e6 3. c4 d5 4. g3 Be7 5. Bg2 O-O 6. O-O Nbd7 7. Qc2 c6 8. Nbd2
Re8 9. e4 dxe4 10. Nxe4 Nxe4 11. Qxe4 Bf6 12. Ne5 g6 13. Re1 Bg7 14. Bf4 Nb6
15. b3 Qe7 16. Rad1 c5 17. Nf3 cxd4 18. Nxd4 Rd8 19. Nf3 h6 20. Rxd8+ Qxd8 21.
Be5 Nd7 22. Bxg7 Kxg7 23. Ne5 Nf6 24. Qe2 Qc7 25. Qb2 Kh7 26. Rd1 Rb8 27. Nc6
bxc6 28. Qxf6 Bb7 29. c5 Re8 30. Rd6 Rf8 31. Be4 Kg8 32. b4 a5 33. a3 Ba8 34.
h4 axb4 35. axb4 Re8 36. h5 gxh5 37. Qxh6 f5 38. Rxe6 1-0

[Event "Copenhagen Chess Challenge 2011"]
[Site "Ballerup"]
[Date "2011.05.21"]
[Round "6"]
[White "Skytte, Torill"]
[Black "Kvisvik, Brede"]
[Result "0-1"]
[WhiteElo "1992"]
[BlackElo "2175"]
[PlyCount "88"]
[EventDate "2011.??.??"]
[EventType "swiss"]
[EventRounds "9"]
[EventCountry "DEN"]

1. d4 Nf6 2. Nf3 g6 3. c4 Bg7 4. Nc3 O-O 5. Bf4 d6 6. h3 Nbd7 7. e3 c6 8. Be2
Re8 9. O-O h6 10. Qc2 e5 11. Bh2 Qe7 12. b4 Nh7 13. d5 c5 14. Rab1 cxb4 15.
Rxb4 Nc5 16. Na4 Bf5 17. Qd1 Na6 18. Rb5 b6 19. Nd2 Bd7 20. Rb1 f5 21. Nc3 Nf6
22. a4 Nc5 23. a5 bxa5 24. Nb5 Bxb5 25. Rxb5 a4 26. Qa1 Nfd7 27. Bd1 Nb6 28.
Qa2 Rec8 29. Nb1 Rc7 30. Rb4 Rac8 31. Nc3 Nd3 32. Rb5 Rxc4 33. Nxa4 Nxa4 34.
Bxa4 Rc1 35. Bd1 Qc7 36. Ra5 a6 37. Qa3 Nxf2 38. Be2 Rxf1+ 39. Kxf1 Ne4 40.
Bxa6 Qc2 41. Bg3 Nxg3+ 42. Kg1 Qd1+ 43. Kh2 f4 44. Qa1 Rc1 0-1

[Event "Copenhagen Chess Challenge 2011"]
[Site "Ballerup"]
[Date "2011.05.21"]
[Round "6"]
[White "Brekka, Hanus"]
[Black "Borg, Flemming"]
[Result "1-0"]
[WhiteElo "2101"]
[BlackElo "1854"]
[PlyCount "47"]
[EventDate "2011.??.??"]
[EventType "swiss"]
[EventRounds "9"]
[EventCountry "DEN"]

1. Nc3 e5 2. e4 d6 3. Bc4 Nf6 4. d3 Bg4 5. f3 Be6 6. Bb3 Nbd7 7. Be3 Be7 8. Qd2
c6 9. Nge2 a5 10. d4 Bxb3 11. axb3 O-O 12. Ng3 Ne8 13. O-O g6 14. f4 Bf6 15.
dxe5 dxe5 16. f5 Qc7 17. Rad1 Rd8 18. Qf2 Bg7 19. Rd3 Nef6 20. h3 b6 21. Rfd1
c5 22. Qd2 Rfe8 23. Bg5 Rc8 24. Nb5 1-0

[Event "Copenhagen Chess Challenge 2011"]
[Site "Ballerup"]
[Date "2011.05.21"]
[Round "6"]
[White "Andersen, Troels Baekgaard"]
[Black "Poulsen, Iver"]
[Result "0-1"]
[WhiteElo "1613"]
[BlackElo "2100"]
[PlyCount "96"]
[EventDate "2011.??.??"]
[EventType "swiss"]
[EventRounds "9"]
[EventCountry "DEN"]

1. d4 d5 2. Nf3 Nf6 3. e3 Bf5 4. c4 e6 5. Nc3 c6 6. Qb3 Qb6 7. Qxb6 axb6 8.
cxd5 exd5 9. Nh4 Be6 10. Bd3 b5 11. O-O Nbd7 12. Bd2 Nb6 13. b3 b4 14. Ne2 Ne4
15. Rfd1 Be7 16. Nf3 O-O 17. Ng3 f5 18. Ne5 Nxd2 19. Rxd2 Nd7 20. Nxd7 Bxd7 21.
Ne2 g5 22. g3 Rae8 23. Re1 Bd6 24. Rdd1 h6 25. Kh1 Kg7 26. Ng1 Re7 27. Bf1 Be8
28. Bg2 Bg6 29. Nh3 Rfe8 30. Rf1 Bh5 31. Rc1 Kf6 32. Rc2 Bg6 33. Rcc1 f4 34.
gxf4 gxf4 35. Nxf4 Bxf4 36. exf4 Re2 37. Ra1 Ra8 38. Kg1 Raxa2 39. Rxa2 Rxa2
40. Bf3 Ra3 41. Bd1 Bd3 42. Re1 Ra1 43. f5 Bc2 44. Re6+ Kxf5 45. Rxh6 Rxd1+ 46.
Kg2 Bxb3 47. h4 Bc2 48. Rh8 b3 0-1

[Event "Copenhagen Chess Challenge 2011"]
[Site "Ballerup"]
[Date "2011.05.21"]
[Round "6"]
[White "Brorsen, Jacob Abildlund"]
[Black "Petrovski, Petruli"]
[Result "1-0"]
[WhiteElo "2064"]
[BlackElo "1826"]
[PlyCount "65"]
[EventDate "2011.??.??"]
[EventType "swiss"]
[EventRounds "9"]
[EventCountry "DEN"]

1. d4 Nf6 2. c4 e6 3. g3 c5 4. Nf3 b6 5. Bg2 Bb7 6. O-O cxd4 7. Qxd4 Be7 8. Nc3
O-O 9. a3 d6 10. Qd3 Nbd7 11. b4 a6 12. Bb2 Qc7 13. Rac1 Rac8 14. Nd1 Rfd8 15.
Qb3 Qb8 16. Ne3 h6 17. h4 Ne4 18. Ng4 h5 19. Ne3 Ndf6 20. Rfd1 d5 21. cxd5 Rxc1
22. Rxc1 exd5 23. Nf5 Bf8 24. Be5 Qa8 25. Ng5 Nxg5 26. hxg5 Nd7 27. Bd4 g6 28.
Nh6+ Bxh6 29. gxh6 Kh7 30. Qf3 f5 31. Rc7 Bc6 32. Qc3 Rc8 33. Be3 1-0

[Event "Copenhagen Chess Challenge 2011"]
[Site "Ballerup"]
[Date "2011.05.21"]
[Round "6"]
[White "Andreasen, Rene"]
[Black "Haagen Larsen, Hans"]
[Result "1-0"]
[WhiteElo "1847"]
[BlackElo "1745"]
[PlyCount "155"]
[EventDate "2011.??.??"]
[EventType "swiss"]
[EventRounds "9"]
[EventCountry "DEN"]

1. d4 g6 2. Nf3 Bg7 3. e4 d6 4. Bd3 Nc6 5. c3 e5 6. Bb5 Bd7 7. O-O a6 8. Ba4
Nh6 9. Bg5 f6 10. Bh4 Nf7 11. h3 O-O 12. d5 Ne7 13. Bxd7 Qxd7 14. Ne1 g5 15.
Bg3 Ng6 16. b3 Nh6 17. f3 Nf4 18. Nd3 Nf7 19. Na3 h5 20. Nc4 Nh6 21. h4 Nxd3
22. Qxd3 gxh4 23. Bxh4 f5 24. Nd2 f4 25. Kf2 Kh7 26. Rh1 Kg6 27. Rh3 Rh8 28.
Rah1 Ng8 29. c4 b5 30. g3 fxg3+ 31. Rxg3+ Kf7 32. Rhg1 Rh7 33. Qe3 Bh6 34. Bg5
h4 35. Rg4 Nf6 36. Rxh4 Bxg5 37. Qxg5 Rxh4 38. Qxh4 Rg8 39. Rxg8 Nxg8 40. Qg4
Nf6 41. Qxd7+ Nxd7 42. cxb5 axb5 43. a4 bxa4 44. bxa4 Nc5 45. a5 Ke7 46. Nb3
Na6 47. Ke3 Kd7 48. Kd3 Kc8 49. Kc4 Kb7 50. Na1 c6 51. dxc6+ Kxc6 52. Nc2 Nc7
53. Nb4+ Kb7 54. Nd5 Ne6 55. Nc3 Kc6 56. Nb1 Nc7 57. Nd2 Ne6 58. a6 Nc7 59. a7
Kb7 60. Kb4 Kxa7 61. Nc4 Ne8 62. Nxe5 Kb6 63. Kc4 Nf6 64. Nf7 Kc6 65. Kd4 Kd7
66. f4 Ne8 67. Ng5 Ke7 68. Nf3 Nc7 69. Ne1 Ne6+ 70. Ke3 Kf6 71. Nd3 Nd8 72. Nb4
Ke6 73. Kd4 Kf6 74. Kd5 Ke7 75. Nc6+ Nxc6 76. Kxc6 Ke6 77. f5+ Ke7 78. Kc7 1-0

[Event "Copenhagen Chess Challenge 2011"]
[Site "Ballerup"]
[Date "2011.05.21"]
[Round "6"]
[White "Jensen, Simon Stibolt"]
[Black "Hein, Jacob"]
[Result "0-1"]
[WhiteElo "1748"]
[BlackElo "1577"]
[PlyCount "74"]
[EventDate "2011.??.??"]
[EventType "swiss"]
[EventRounds "9"]
[EventCountry "DEN"]

1. e4 c5 2. Nf3 g6 3. d4 Bg7 4. Nc3 cxd4 5. Nxd4 Nc6 6. Nxc6 bxc6 7. Bc4 Nf6 8.
O-O O-O 9. Bf4 a5 10. e5 Ne8 11. Qd2 Bh8 12. Rad1 Ng7 13. Bh6 Qc7 14. Rfe1 Rd8
15. Ne4 Nf5 16. e6 d5 17. exf7+ Kxf7 18. Ng5+ Kg8 19. Nf3 Bxb2 20. g4 Nxh6 21.
Qxh6 Bg7 22. Qd2 Bxg4 23. Be2 Bf5 24. Bd3 Be4 25. Qe3 Bxf3 26. Qxf3 Rf8 27. Qe3
Rae8 28. Qe6+ Kh8 29. Re3 Bd4 30. Bxg6 Rf6 31. Rh3 Rxe6 32. Rxh7+ Kg8 33. Bd3
Qf4 34. Rf1 Qg4+ 35. Kh1 Qf3+ 36. Kg1 Re5 37. Be2 Rg5# 0-1

[Event "Copenhagen Chess Challenge 2011"]
[Site "Ballerup"]
[Date "2011.05.21"]
[Round "7"]
[White "Danielsen, Henrik"]
[Black "Hector, Jonny"]
[Result "1/2-1/2"]
[WhiteElo "2545"]
[BlackElo "2585"]
[PlyCount "93"]
[EventDate "2011.??.??"]
[EventType "swiss"]
[EventRounds "9"]
[EventCountry "DEN"]

1. d4 d5 2. Nf3 Nf6 3. c4 c6 4. Qc2 e6 5. Nbd2 c5 6. dxc5 Qa5 7. e3 Nc6 8. a3
Be7 9. Rb1 dxc4 10. Qxc4 Qxc5 11. Qxc5 Bxc5 12. b4 Be7 13. Bb2 O-O 14. Rc1 Bd7
15. Bd3 Rfc8 16. Ke2 Nd8 17. Ne5 Be8 18. f4 Nd5 19. Nb3 f6 20. Nf3 Bg6 21. Bxg6
hxg6 22. g3 Kf7 23. Bd4 Nc6 24. Bc5 b6 25. Bd4 Nxd4+ 26. Nfxd4 a5 27. bxa5 Rxc1
28. Rxc1 Bxa3 29. Ra1 Bb2 30. axb6 Bxa1 31. b7 Rb8 32. Nc6 Rxb7 33. Nd8+ Ke7
34. Nxb7 Bb2 35. N7a5 Bc3 36. Nc4 f5 37. Kd3 Bf6 38. e4 fxe4+ 39. Kxe4 g5 40.
fxg5 Bxg5 41. Nd4 Bf6 42. Nf3 Nc3+ 43. Kd3 Nd1 44. Ke2 Nc3+ 45. Kd3 Nd1 46. Ke2
Nc3+ 47. Kd3 1/2-1/2

[Event "Copenhagen Chess Challenge 2011"]
[Site "Ballerup"]
[Date "2011.05.21"]
[Round "7"]
[White "Brynell, Stellan"]
[Black "Haub, Thorsten Michael"]
[Result "1/2-1/2"]
[WhiteElo "2486"]
[BlackElo "2459"]
[PlyCount "53"]
[EventDate "2011.??.??"]
[EventType "swiss"]
[EventRounds "9"]
[EventCountry "DEN"]

1. d4 g6 2. e4 Bg7 3. Nf3 d6 4. Bc4 a6 5. O-O e6 6. Bb3 Nd7 7. c3 Ne7 8. Nbd2
O-O 9. Re1 b5 10. Nf1 c5 11. Ng3 e5 12. Bg5 h6 13. Be3 Qc7 14. a4 Bb7 15. Qd2
Kh7 16. axb5 axb5 17. Rxa8 Bxa8 18. dxe5 Nxe5 19. Nxe5 dxe5 20. f3 c4 21. Bc2
Nc6 22. Qf2 Rb8 23. Ra1 Nd8 24. Ba7 Rb7 25. Be3 Rb8 26. Ba7 Rb7 27. Be3 1/2-1/2

[Event "Copenhagen Chess Challenge 2011"]
[Site "Ballerup"]
[Date "2011.05.21"]
[Round "7"]
[White "Smith, Axel"]
[Black "Hagen, Andreas Skytte"]
[Result "0-1"]
[WhiteElo "2450"]
[BlackElo "2346"]
[PlyCount "84"]
[EventDate "2011.??.??"]
[EventType "swiss"]
[EventRounds "9"]
[EventCountry "DEN"]

1. d4 Nf6 2. c4 g6 3. Nc3 d5 4. cxd5 Nxd5 5. Bd2 Bg7 6. e4 Nxc3 7. Bxc3 c5 8.
d5 Bxc3+ 9. bxc3 O-O 10. Nf3 Bg4 11. Be2 Bxf3 12. Bxf3 Qd6 13. Rb1 b6 14. O-O
Nd7 15. Be2 f5 16. exf5 Rxf5 17. c4 Rf4 18. Rb3 Raf8 19. Re3 Ne5 20. Qa4 Qf6
21. f3 Ng4 22. Rd3 Qe5 23. fxg4 Qxe2 24. Rdf3 Qe3+ 25. Kh1 Rxf3 26. gxf3 Rxf3
27. Rxf3 Qxf3+ 28. Kg1 Qxg4+ 29. Kf2 Kf7 30. Qb3 h5 31. h3 Qf4+ 32. Kg2 h4 33.
Qd3 Qg5+ 34. Kh2 Qe5+ 35. Kg2 Qb2+ 36. Kf3 Qxa2 37. d6 exd6 38. Kg4 Qg2+ 39.
Kxh4 Qf2+ 40. Kg4 Qf5+ 41. Qxf5+ gxf5+ 42. Kxf5 a6 0-1

[Event "Copenhagen Chess Challenge 2011"]
[Site "Ballerup"]
[Date "2011.05.21"]
[Round "7"]
[White "Tikkanen, Hans"]
[Black "Andersen, Mads"]
[Result "1/2-1/2"]
[WhiteElo "2560"]
[BlackElo "2431"]
[PlyCount "77"]
[EventDate "2011.??.??"]
[EventType "swiss"]
[EventRounds "9"]
[EventCountry "DEN"]

1. Nf3 Nf6 2. c4 g6 3. Nc3 d5 4. d4 Bg7 5. Qb3 dxc4 6. Qxc4 O-O 7. e4 Na6 8.
Be2 c5 9. d5 e6 10. O-O exd5 11. exd5 Bf5 12. Qh4 Nxd5 13. Bxa6 Nxc3 14. Bxb7
Ne2+ 15. Kh1 Qxh4 16. Nxh4 Rab8 17. Nxf5 gxf5 18. Ba6 Bxb2 19. Bxb2 Rxb2 20.
Rfe1 Re8 21. g3 Kf8 22. Kg2 Nd4 23. Rxe8+ Kxe8 24. Re1+ Kf8 25. Bc4 Rc2 26. Bb3
Nxb3 27. axb3 Kg7 28. Ra1 Rc3 29. Ra5 Kg6 30. Ra6+ f6 31. Ra5 Rxb3 32. Rxc5 Ra3
33. Rc7 h6 34. f4 h5 35. h4 Ra2+ 36. Kg1 a5 37. Ra7 a4 38. Kh1 a3 39. Kg1
1/2-1/2

[Event "Copenhagen Chess Challenge 2011"]
[Site "Ballerup"]
[Date "2011.05.21"]
[Round "7"]
[White "Westerinen, Heikki"]
[Black "Bulski, Krzysztof"]
[Result "1-0"]
[WhiteElo "2350"]
[BlackElo "2482"]
[PlyCount "71"]
[EventDate "2011.??.??"]
[EventType "swiss"]
[EventRounds "9"]
[EventCountry "DEN"]

1. e4 e5 2. Nf3 Nc6 3. Bb5 a6 4. Ba4 Nf6 5. O-O Nxe4 6. d4 b5 7. Bb3 d5 8. dxe5
Be6 9. Be3 Be7 10. Nbd2 O-O 11. h3 Nc5 12. Re1 a5 13. a3 a4 14. Ba2 d4 15. Bf4
Bxa2 16. Rxa2 b4 17. Ra1 Ne6 18. Bg3 bxa3 19. bxa3 Qd5 20. Ne4 Rfd8 21. Qd3 Na5
22. Nh4 g6 23. Nf6+ Bxf6 24. exf6 Nc4 25. Nf3 Ra5 26. Rxe6 fxe6 27. Bxc7 Raa8
28. Bxd8 Rxd8 29. Rb1 e5 30. Ng5 Nd6 31. Qa6 Ra8 32. Qa7 Nf7 33. Nxf7 Rxa7 34.
Nh6+ Kf8 35. Rb8+ Qd8 36. Rxd8# 1-0

[Event "Copenhagen Chess Challenge 2011"]
[Site "Ballerup"]
[Date "2011.05.21"]
[Round "7"]
[White "Ivanov, Mikhail"]
[Black "Rewitz, Poul"]
[Result "1/2-1/2"]
[WhiteElo "2424"]
[BlackElo "2289"]
[PlyCount "71"]
[EventDate "2011.??.??"]
[EventType "swiss"]
[EventRounds "9"]
[EventCountry "DEN"]

1. d4 Nf6 2. Nf3 e6 3. c4 Bb4+ 4. Nc3 c5 5. Bg5 Qa5 6. Bd2 cxd4 7. Nxd4 Qb6 8.
Nb3 Na6 9. e3 O-O 10. Be2 d5 11. cxd5 exd5 12. O-O Bf5 13. Na4 Qd6 14. Nd4 Bg6
15. Bxa6 bxa6 16. Bxb4 Qxb4 17. Rc1 Rac8 18. Qb3 Qxb3 19. Nxb3 Bd3 20. Rxc8
Rxc8 21. Rc1 Rxc1+ 22. Nxc1 Bb5 23. Nc3 Kf8 24. f3 Ke7 25. a4 Bd7 26. b4 d4 27.
exd4 Kd6 28. Nd3 Nd5 29. Ne4+ Ke7 30. Nec5 Nc3 31. Kf2 Bxa4 32. Nxa6 Kd6 33.
Ke3 Bb5 34. Nac5 Nd5+ 35. Kd2 f5 36. g3 1/2-1/2